000 00706nam a2200229 i 4500
001 16896
003 ES-MaACL
005 20230906151422.0
007 t|
008 001120q1945 fr ||||1| spa d
080 _a32(47+57)"1925/53"
080 _a327(4:47+57)"1925/53"
080 _a327(47+57:4)"1925/53"
100 1 _aAláiz, Felipe.
_919091
245 1 3 _aLa zarpa de Stalin sobre Europa /
_cpor Felipe Aláiz.
260 _aToulouse :
_bPáginas Libres,
_c[1945?]
300 _a30 p. ;
_c22 cm.
651 4 _aURSS-
_xPolítica y gobierno-
_y1925-1953.
_9173566
651 4 _aURSS-
_xRelaciones-
_zEuropa.
_9173567
651 4 _aEuropa-
_xRelaciones-
_zURSS.
_9173568
852 _aES-MaACL
_j2158-F-21
999 _c16896
_d16896